Guinness World Records 2026. (Record no. 13854)

000 -LEADER
fixed length control field 01024cam a22002175a 4500
020 ## - ISBN
ISBN 978-1-913484-81-1
082 04 - DEWEY DECIMAL CLASSIFICATION NUMBER
Classification number Ref 032.02 G9482 2025
110 2# - MAIN ENTRY--CORPORATE NAME
Corporate name or jurisdiction name as entry element Guinness World Records Limited.
245 00 - TITLE STATEMENT
Title Guinness World Records 2026.
300 ## - PHYSICAL DESCRIPTION
Extent/Page number 255 pages :
Other physical details illustrations (chiefly color), color photographs ;
Dimensions 31 cm
337 ## - MEDIA TYPE
Media type term unmediated
Media type code n
520 ## - SUMMARY, ETC.
Summary, etc. "Discover the incredible achievements and inspiring stories of record breakers from around the world... and how you can become one of them. With all new content -- from high-end hotels to deserted ghost towns and talented pets to global sports superstars -- the new edition of Guinness World Records once again shows how record breaking is for everyone, everywhere."
Assigning source Provided by publisher.
526 ## - STUDY PROGRAM INFORMATION NOTE
PROGRAM TYPE REFERENCE
650 #0 - SUBJECT ADDED ENTRY--TOPICAL TERM
Topical term or geographic name as entry element World records.
650 #0 - SUBJECT ADDED ENTRY--TOPICAL TERM
Topical term or geographic name as entry element Curiosities and wonders.
650 #0 - SUBJECT ADDED ENTRY--TOPICAL TERM
Topical term or geographic name as entry element Questions and answers.
650 #6 - SUBJECT ADDED ENTRY--TOPICAL TERM
Topical term or geographic name as entry element Records.
650 #7 - SUBJECT ADDED ENTRY--TOPICAL TERM
Topical term or geographic name as entry element World records—Miscellanea.
650 #7 - SUBJECT ADDED ENTRY--TOPICAL TERM
Topical term or geographic name as entry element REFERENCE / Yearbooks & Annuals.
942 ## - ADDED ENTRY ELEMENTS
Classification
Item type Book
Holdings
Withdrawn status Lost status Source of classification or shelving scheme Damaged status Not for loan Collection code Permanent Location Current Location Shelving location Date acquired Source of acquisition Cost, normal purchase price Inventory number Full call number Barcode Date last seen Copy number Cost, replacement price Price effective from Item type
          Reference High School Library High School Library Reference 2025-10-15 Library Budget 1119.00 8263 Ref 032.02 G9482 2025 HS8263 2026-02-05 1 2438.00 2025-10-15 Book